Couleurs par lettre - Statistiques

Statistiques générales
  • Ce quiz a été pris 17 fois
  • Le résultat moyen est 21 sur 43
Statistiques - réponses
Lettre Réponse % Correct
B Bleu
100%
O Or
100%
O Orange
100%
J Jaune
93%
N Noir
93%
C Cyan
87%
V Vert
87%
V Violet
87%
B Blanc
80%
G Gris
80%
R Rose
80%
R Rouge
80%
M Marron
73%
M Magenta
67%
M Mauve
67%
T Turquoise
67%
A Argent
60%
B Beige
60%
M Bleu {marine}
60%
I Indigo
60%
B Bordeaux
53%
P Pourpre
47%
S Saumon
47%
B Brun
40%
O Ocre
40%
E Rouge {écarlate}
40%
T Taupe
40%
F Fuchsia
33%
C Cerise
27%
O Olive
27%
S Terre de {Sienne}
27%
L Lavande
20%
A Aubergine
13%
A Auburn
13%
S Bleu {sarcelle}
13%
P Pervenche
13%
C Vert {chartreuse}
13%
V Violette
13%
C Bleu {céruléen}
7%
O Bleu {outremer}
7%
H Hâle
7%
P Puce
7%
S Sépia
7%
Aucun quiz correspondant
Distribution des résultats
% des personnes avec chaque résultat
Percentile par nombre de réponses
Votre historique - résultats
Vous n’avez pas pris ce quiz